Sports Quiz

Random Sports or Olympics Quiz
Score 0/17 Timer 03:00
2 Plays Today
Percentage of Winter Medals Country % Correct
24.2%Sweden
95.9%
70.8%Norway
95.9%
35.5%Finland
92.5%
39.7%Canada
91.5%
22.0%Russia
90.3%
44.3%Switzerland
83.9%
72.7%Austria
79.5%
28.1%Germany
77.9%
31.3%Netherlands
62.5%
Percentage of Winter Medals Country % Correct
29.6%Latvia
55.7%
35.6%Czechia
54.6%
22.2%Slovakia
53.5%
20.8%South Korea
52.5%
42.5%Slovenia
51.2%
100%Liechtenstein
49.1%
50.0%Luxembourg
44.7%
25.0%Croatia
35.7%
Remove Ads.
Support Sporcle.
Get the best of Sporcle when you Go Orange. This ad-free experience offers more features, more stats, and more fun while also helping to support Sporcle. Thank you for becoming a member.

You're not logged in!

Compare scores with friends on all Sporcle quizzes.
OR
Log In

Show Comments

Extras

Top Quizzes Today


Score Distribution

Your Account Isn't Verified!

In order to create a playlist on Sporcle, you need to verify the email address you used during registration. Go to your Sporcle Settings to finish the process.

Report this User

Report this user for behavior that violates our Community Guidelines.

Details: